[Event "HUN-chT2 Erkel 0405"]
[Site "Hungary"]
[Date "2004.12.05"]
[Round "4"]
[White "Juhasz, Bela"]
[Black "Fazekas, Marton"]
[Result "1-0"]
[WhiteElo "2178"]
[BlackElo "2188"]
[PlyCount "97"]
[EventDate "2004.09.26"]
[EventType "team"]
[EventRounds "11"]
[EventCountry "HUN"]
[SourceTitle "EXT 2009"]
[Source "ChessBase"]
[SourceDate "2008.11.26"]
[SourceVersion "1"]
[SourceVersionDate "2008.11.26"]
[SourceQuality "1"]
[WhiteTeam "Ujszasz"]
[BlackTeam "Penzugyor II"]
[WhiteTeamCountry "HUN"]
[BlackTeamCountry "HUN"]

1. d4 Nf6 2. c4 d5 3. cxd5 Nxd5 4. e4 Nf6 5. Nc3 e6 6. Bg5 h6 7. Bh4 Be7 8. Nf3 0-0 9. Bd3 Nc6 10. e5 Nd5 11. Bg3 Ncb4 12. Bb1 c5 13. 0-0 Nxc3 14. bxc3 Nc6 15. Qd3 g6 16. h4 cxd4 17. cxd4 h5 18. a3 Qa5 19. Bf4 Bd7 20. Qe3 Rfd8 21. Bg5 Kg7 22. Qf4 Be8 23. Bxe7 Nxe7 24. Qf6+ Kf8 25. Ng5 Qb6 26. Qh8+ Ng8 27. Nh7+ Ke7 28. Qxg8 Bb5 29. Qg7 Bxf1 30. Bxg6 Kd7 31. Rxf1 Kc8 32. Bxf7 Kb8 33. Ng5 Rxd4 34. Nxe6 Rc4 35. Qh8+ Rc8 36. Qxh5 a5 37. Qf5 a4 38. Nf4 Ra5 39. Bd5 Rb5 40. e6 Qd6 41. Qe4 Qxa3 42. e7 Re8 43. Re1 Qc5 44. Bf7 Rb4 45. Qd5 Qc3 46. Rf1 Rxe7 47. Qd8+ Ka7 48. Qxe7 Rxf4 49. Rb1 1-0

[Event "HUN-chT2 Maroczy 0304"]
[Site "Hungary"]
[Date "2004.02.08"]
[Round "7"]
[White "Petro, Janos"]
[Black "Fazekas, Marton"]
[Result "1/2-1/2"]
[WhiteElo "2072"]
[BlackElo "2195"]
[PlyCount "40"]
[EventDate "2003.09.28"]
[EventType "team"]
[EventRounds "11"]
[EventCountry "HUN"]
[SourceTitle "EXT 2005"]
[Source "ChessBase"]
[SourceDate "2004.11.15"]
[SourceVersion "1"]
[SourceVersionDate "2004.11.15"]
[SourceQuality "1"]

1. Nf3 d5 2. g3 Nf6 3. Bg2 c5 4. 0-0 Nc6 5. d4 cxd4 6. Nxd4 Qb6 7. Nxc6 bxc6 8. c4 e6 9. Nc3 Be7 10. Be3 Qxb2 11. Bd4 Qa3 12. cxd5 exd5 13. e4 Bg4 14. Qc2 0-0 15. exd5 cxd5 16. Nxd5 Nxd5 17. Bxd5 Rad8 18. Qe4 Bf3 19. Qxf3 Qxf3 20. Bxf3 Rxd4 1/2-1/2

[Event "HUN-chT2 Erkel 0203"]
[Site "Hungary"]
[Date "2003.03.02"]
[Round "8"]
[White "Bali, Janos"]
[Black "Fazekas, Marton"]
[Result "1-0"]
[WhiteElo "2313"]
[BlackElo "2147"]
[PlyCount "107"]
[EventDate "2002.09.22"]
[EventType "team"]
[EventRounds "11"]
[EventCountry "HUN"]
[SourceTitle "EXT 2009"]
[Source "ChessBase"]
[SourceDate "2008.11.26"]
[SourceVersion "1"]
[SourceVersionDate "2008.11.26"]
[SourceQuality "1"]

1. d4 Nf6 2. c4 e6 3. Nf3 d5 4. Nc3 Be7 5. Bg5 0-0 6. e3 b6 7. Rc1 Ba6 8. Bxf6 Bxf6 9. cxd5 Bxf1 10. Kxf1 exd5 11. b4 c6 12. Qb3 Qd7 13. Ke2 Re8 14. Rhd1 b5 15. a4 a6 16. Ra1 Ra7 17. Na2 g5 18. Nc1 g4 19. Ne1 Qf5 20. Qd3 Qh5 21. g3 Rae7 22. Nc2 Re6 23. Nb3 Be7 24. Nc5 Rf6 25. Rh1 Qh3 26. Rag1 Bxc5 27. bxc5 Nd7 28. axb5 axb5 29. Nb4 Ra8 30. Qb3 Qh5 31. Nd3 Nf8 32. Nf4 Qf5 33. h3 Ng6 34. hxg4 Qxg4+ 35. f3 Qd7 36. Nh5 Re6 37. Ra1 Rae8 38. Kf2 Qe7 39. Ra3 Qg5 40. Qd3 Nf8 41. f4 Qh6 42. g4 f6 43. Ng3 Qg7 44. Nf5 Qc7 45. Rha1 Rb8 46. Ra7 Rb7 47. Ra8 Qd7 48. Qa3 Rc7 49. Qa5 Re4 50. Rb8 Rb7 51. Rd8 Ra7 52. Rxf8+ Kxf8 53. Qxa7 Qxa7 54. Rxa7 1-0

[Event "HUN-chT3 0001"]
[Site "Hungary"]
[Date "2001.04.22"]
[Round "11.1"]
[White "Fazekas, Marton"]
[Black "Tornai, Imre"]
[Result "1-0"]
[WhiteElo "2236"]
[BlackElo "2227"]
[PlyCount "75"]
[EventDate "2000.10.29"]
[EventType "team"]
[EventRounds "11"]
[EventCountry "HUN"]
[SourceTitle "EXT 2007"]
[Source "ChessBase"]
[SourceDate "2006.11.23"]
[SourceVersion "1"]
[SourceVersionDate "2006.11.23"]
[SourceQuality "1"]

1. e4 c5 2. Nf3 e6 3. d4 cxd4 4. Nxd4 a6 5. c4 Nf6 6. Qe2 Qb6 7. Nc2 d6 8. Nc3 Nc6 9. g3 Bd7 10. Bg2 Rc8 11. b3 Be7 12. 0-0 h5 13. h3 Ne5 14. Bd2 Qc5 15. Rac1 b5 16. cxb5 axb5 17. a3 Rb8 18. Nb4 Qa7 19. Nb1 Bd8 20. Nd3 Ba5 21. Bf4 Bc7 22. Rfd1 Nxd3 23. Qxd3 e5 24. Bg5 0-0 25. Qf3 Be6 26. Rd3 Rfc8 27. Rcd1 Bd8 28. Rxd6 Be7 29. R6d3 Bxa3 30. Bxf6 gxf6 31. Qxf6 Bb2 32. Nd2 Bd4 33. Nf1 Qa2 34. Ne3 Qa7 35. g4 hxg4 36. hxg4 Qc7 37. Nf5 Bxf5 38. Qh6 1-0

[Event "HUN-chT3 0001"]
[Site "Hungary"]
[Date "2001.03.25"]
[Round "9.1"]
[White "Fazekas, Marton"]
[Black "Bandy, Attila"]
[Result "1/2-1/2"]
[WhiteElo "2236"]
[BlackElo "2179"]
[PlyCount "154"]
[EventDate "2000.10.29"]
[EventType "team"]
[EventRounds "11"]
[EventCountry "HUN"]
[SourceTitle "EXT 2007"]
[Source "ChessBase"]
[SourceDate "2006.11.23"]
[SourceVersion "1"]
[SourceVersionDate "2006.11.23"]
[SourceQuality "1"]

1. e4 d5 2. exd5 Qxd5 3. Nc3 Qa5 4. d4 c6 5. Bc4 Nf6 6. Bd2 Qb6 7. Bc1 Bg4 8. Nge2 e6 9. 0-0 Bd6 10. Be3 0-0 11. Bb3 Qc7 12. g3 Nbd7 13. f3 Bf5 14. Qe1 b5 15. a3 a5 16. Rc1 b4 17. axb4 axb4 18. Na4 c5 19. dxc5 Nxc5 20. Nxc5 Bxc5 21. Bxc5 Qxc5+ 22. Qf2 Qxf2+ 23. Kxf2 Rfd8 24. Rfd1 Kf8 25. Nd4 Rac8 26. Nxf5 exf5 27. c4 bxc3 28. Rxc3 Rb8 29. Rxd8+ Rxd8 30. Rc2 Nd7 31. Bc4 Ne5 32. Be2 Rb8 33. Rc5 f6 34. Rb5 Rxb5 35. Bxb5 Ke7 36. h3 Kd6 37. f4 Nf7 38. Bd3 g6 39. Bc4 Nh8 40. b4 g5 41. Ke3 Ng6 42. Bf7 Ne7 43. Kd4 Kc6 44. Kc4 Nc8 45. Bd5+ Kd6 46. Kd4 Ne7 47. Bf7 Kc6 48. h4 gxf4 49. gxf4 Kb5 50. Kc3 Nc8 51. Bc4+ Kc6 52. Kd4 Kd6 53. Bf7 Ke7 54. Bg8 h6 55. Kc5 Kd7 56. b5 Nd6 57. Bd5 Ne4+ 58. Kd4 Ng3 59. Bf3 Nf1 60. b6 Nh2 61. Bd5 Kd6 62. Bg2 Ng4 63. Bf3 Nf2 64. b7 Kc7 65. h5 Kb8 66. Bg2 Kc7 67. Bf3 Kb8 68. Ke3 Ng4+ 69. Ke2 Kc7 70. Bc6 Kb8 71. Bd7 Kxb7 72. Bxf5 Ne5 73. fxe5 fxe5 74. Ke3 Kc6 75. Ke4 Kd6 76. Bg4 Ke7 77. Kf5 Kf7 1/2-1/2

[Event "HUN-chT3 9900"]
[Site "Hungary"]
[Date "2000.04.02"]
[Round "11"]
[White "Fazekas, Marton"]
[Black "Ortel, Endre"]
[Result "1/2-1/2"]
[WhiteElo "2220"]
[BlackElo "2315"]
[PlyCount "45"]
[EventDate "1999.09.26"]
[EventType "team"]
[EventRounds "11"]
[EventCountry "HUN"]
[SourceTitle "EXT 2002"]
[Source "ChessBase"]
[SourceDate "2001.11.25"]
[SourceVersion "1"]
[SourceVersionDate "2001.11.25"]
[SourceQuality "1"]

1. e4 e6 2. d4 d5 3. Nc3 Nf6 4. Bg5 Be7 5. e5 Nfd7 6. h4 h6 7. Bxe7 Qxe7 8. a3 a6 9. f4 c5 10. Nf3 Nc6 11. Qd2 cxd4 12. Nxd4 0-0 13. 0-0-0 f6 14. exf6 Qxf6 15. g3 Nb6 16. Nb3 Rd8 17. Qf2 Nd7 18. g4 Rf8 19. f5 Nde5 20. Be2 Qf7 21. Qg2 exf5 22. gxf5 Bxf5 23. Nxd5 1/2-1/2

[Event "Zuzmara op"]
[Site "Aggtelek"]
[Date "2000.03.12"]
[Round "7.11"]
[White "Rabovszky, Gyorgy"]
[Black "Fazekas, Marton"]
[Result "0-1"]
[WhiteElo "2081"]
[BlackElo "2236"]
[PlyCount "65"]
[EventDate "2000.03.11"]
[EventType "swiss"]
[EventRounds "7"]
[EventCountry "HUN"]
[SourceTitle "EXT 2004"]
[Source "ChessBase"]
[SourceDate "2003.11.25"]
[SourceVersion "1"]
[SourceVersionDate "2003.11.25"]
[SourceQuality "1"]

1. e4 e5 2. Nf3 Nc6 3. Bc4 Nf6 4. Ng5 d5 5. exd5 Na5 6. Bb5+ c6 7. dxc6 bxc6 8. Bd3 Bd6 9. Nc3 0-0 10. 0-0 h6 11. Nge4 Nxe4 12. Nxe4 Be7 13. f3 f5 14. Nf2 Bd6 15. Be2 c5 16. c3 Bb7 17. d3 Rb8 18. Be3 Bd5 19. b3 Qe7 20. Qd2 Ba8 21. f4 Rbe8 22. Bh5 g6 23. Bd1 g5 24. Nh3 exf4 25. Bf2 Qc7 26. Bh5 Re7 27. Rae1 Rg7 28. d4 g4 29. dxc5 gxh3 30. Bd4 Rxg2+ 31. Qxg2+ hxg2 32. Rf2 Bxc5 33. Re6 0-1

[Event "Zuzmara op"]
[Site "Aggtelek"]
[Date "2000.03.09"]
[Round "3.14"]
[White "Kovacs, Tamas"]
[Black "Fazekas, Marton"]
[Result "1/2-1/2"]
[WhiteElo "2158"]
[BlackElo "2236"]
[PlyCount "96"]
[EventDate "2000.03.11"]
[EventType "swiss"]
[EventRounds "7"]
[EventCountry "HUN"]
[SourceTitle "EXT 2004"]
[Source "ChessBase"]
[SourceDate "2003.11.25"]
[SourceVersion "1"]
[SourceVersionDate "2003.11.25"]
[SourceQuality "1"]

1. d4 Nf6 2. c4 g6 3. Nc3 Bg7 4. e4 d6 5. f3 c6 6. Bg5 h6 7. Be3 0-0 8. Qd2 Kh7 9. Nge2 e5 10. d5 a5 11. dxc6 bxc6 12. Rd1 Ne8 13. c5 f5 14. cxd6 Nd7 15. Nc1 Rf6 16. exf5 gxf5 17. Bd3 Nxd6 18. 0-0 Kh8 19. Nb3 Qc7 20. Na4 Nb5 21. Qc2 Nd6 22. Bf2 Ba6 23. Bxa6 Rxa6 24. Bh4 Rg6 25. Be7 Ra8 26. Bxd6 Rxd6 27. Qxf5 Rf8 28. Qc2 Nf6 29. Rxd6 Qxd6 30. Rd1 Nd5 31. Nxa5 Qb4 32. Nxc6 Qh4 33. Qe4 Nf4 34. Nc3 Qg5 35. g3 h5 36. Ne2 Ng6 37. Rd6 Nh4 38. f4 exf4 39. Rd5 Qg4 40. Nxf4 Nf3+ 41. Kh1 Nh4 42. Ne7 Bxb2 43. Nfg6+ Kg7 44. Nf5+ Rxf5 45. Rd7+ Kxg6 46. Qe8+ Kg5 47. Qe3+ Kg6 48. Qe8+ Kg5 1/2-1/2

[Event "HUN-chT3 9900"]
[Site "Hungary"]
[Date "1999.09.26"]
[Round "1"]
[White "Fazekas, Marton"]
[Black "Meixner, Ferenc"]
[Result "1-0"]
[WhiteElo "2220"]
[BlackElo "2122"]
[PlyCount "59"]
[EventDate "1999.09.26"]
[EventType "team"]
[EventRounds "11"]
[EventCountry "HUN"]
[SourceTitle "EXT 2002"]
[Source "ChessBase"]
[SourceDate "2001.11.25"]
[SourceVersion "1"]
[SourceVersionDate "2001.11.25"]
[SourceQuality "1"]

1. e4 c5 2. Nf3 e6 3. d4 cxd4 4. Nxd4 a6 5. Bd3 Nc6 6. Be3 Nf6 7. Nxc6 dxc6 8. 0-0 e5 9. h3 Be6 10. Qe2 Bd6 11. Nd2 Qe7 12. Nf3 h6 13. Rfd1 g5 14. Nh2 Bc5 15. Kh1 g4 16. h4 Nd7 17. g3 Bxe3 18. Qxe3 Qc5 19. Qe2 Rg8 20. b4 Qxb4 21. Rab1 Qc5 22. Rxb7 a5 23. Qd2 Rb8 24. Rxb8+ Nxb8 25. Bc4 Ke7 26. Bxe6 Kxe6 27. Qxh6+ Ke7 28. Qd2 Qb4 29. Qd3 Qc5 30. Kg2 1-0